[Event "Aragon-chT Honor Gr II"]
[Site "Aragon"]
[Date "2023.02.18"]
[Round "4.23"]
[White "Torcal Miguel, Oscar"]
[Black "Agustin De Dios, Adrian"]
[Result "1-0"]
[WhiteElo "2055"]
[BlackElo "1698"]
[PlyCount "69"]
[EventDate "2023.01.28"]
[EventType "team-tourn"]
[EventRounds "7"]
[EventCountry "ESP"]
[SourceTitle "EXT 2024"]
[Source "ChessBase"]
[SourceDate "2023.10.10"]
[SourceVersion "1"]
[SourceVersionDate "2023.10.10"]
[SourceQuality "1"]
[WhiteTeam "Helios"]
[BlackTeam "Fraga"]
[WhiteTeamCountry "ESP"]
[BlackTeamCountry "ESP"]

1. c4 e5 2. g3 Nf6 3. Bg2 h6 4. Nc3 Bb4 5. Nd5 Be7 6. b3 c6 7. Nxe7 Qxe7 8. Bb2 0-0 9. Nf3 e4 10. Nd4 d6 11. 0-0 a6 12. Nc2 Bf5 13. d4 Re8 14. Ne3 Bg6 15. Qd2 d5 16. Rac1 Qd8 17. Qb4 Qe7 18. Qxe7 Rxe7 19. cxd5 Nxd5 20. Nxd5 cxd5 21. Rc8+ Kh7 22. Ba3 Rd7 23. Bh3 f5 24. Rfc1 a5 25. Rf8 Rf7 26. Rcc8 Rxf8 27. Rxf8 b5 28. Bd6 a4 29. b4 h5 30. Rxb8 Rxb8 31. Bxb8 Kg8 32. f3 exf3 33. exf3 Kf7 34. a3 Ke6 35. Be5 1-0

[Event "Aragon-chT Honor Gr II"]
[Site "Aragon"]
[Date "2023.02.04"]
[Round "2.4"]
[White "Torcal Miguel, Oscar"]
[Black "Martin Catalan, Juan Vicente"]
[Result "1/2-1/2"]
[WhiteElo "2055"]
[BlackElo "1939"]
[PlyCount "102"]
[EventDate "2023.01.28"]
[EventType "team-tourn"]
[EventRounds "7"]
[EventCountry "ESP"]
[SourceTitle "EXT 2024"]
[Source "ChessBase"]
[SourceDate "2023.10.10"]
[SourceVersion "1"]
[SourceVersionDate "2023.10.10"]
[SourceQuality "1"]
[WhiteTeam "Helios"]
[BlackTeam "Teruel"]
[WhiteTeamCountry "ESP"]
[BlackTeamCountry "ESP"]

1. c4 f5 2. g3 Nf6 3. Bg2 e6 4. Nc3 Bb4 5. Nf3 0-0 6. 0-0 d6 7. Na4 c5 8. d4 Ne4 9. a3 Ba5 10. Nd2 Nxd2 11. Bxd2 cxd4 12. b4 Bc7 13. e3 dxe3 14. Bxe3 Nc6 15. Qc2 Ne5 16. Rad1 Qe8 17. Bf4 Bd7 18. b5 Rb8 19. Nb2 Qe7 20. Rfe1 Ng6 21. Bd2 Bb6 22. Na4 Bc5 23. Nxc5 dxc5 24. h4 Rfe8 25. h5 Nf8 26. Bf4 Qf7 27. Bxb8 Rxb8 28. Qe2 Re8 29. Rd6 b6 30. Red1 Bc8 31. f4 h6 32. Rd8 Rxd8 33. Rxd8 Qc7 34. Qd3 Bd7 35. Ra8 Kf7 36. Qe2 Bc8 37. Qe5 Qd7 38. Kh2 Nh7 39. Qb8 Qd1 40. Qxc8 Qxh5+ 41. Kg1 Qd1+ 42. Bf1 Qd4+ 43. Kh1 Qe4+ 44. Bg2 Qe1+ 45. Kh2 Nf6 46. Rxa7+ Kg6 47. Qb7 Ng4+ 48. Kh3 Kh5 49. Qxg7 Nf2+ 50. Kh2 Ng4+ 51. Kh3 Nf2+ 1/2-1/2

[Event "Aragon-chT Honor Titulo"]
[Site "Aragon"]
[Date "2022.04.02"]
[Round "10.12"]
[White "Lorente Melcon, Maximo"]
[Black "Torcal Miguel, Oscar"]
[Result "0-1"]
[WhiteElo "1858"]
[BlackElo "2037"]
[PlyCount "108"]
[EventDate "2022.03.19"]
[EventType "team-tourn"]
[EventRounds "10"]
[EventCountry "ESP"]
[SourceTitle "EXT 2024"]
[Source "ChessBase"]
[SourceDate "2023.10.10"]
[SourceVersion "1"]
[SourceVersionDate "2023.10.10"]
[SourceQuality "1"]
[WhiteTeam "Helios"]
[BlackTeam "IberCaja"]
[WhiteTeamCountry "ESP"]
[BlackTeamCountry "ESP"]

1. e4 c5 2. Nc3 Nc6 3. Bb5 g6 4. Bxc6 dxc6 5. f4 Bg7 6. Nf3 Bg4 7. 0-0 e6 8. Qe1 Bxf3 9. Rxf3 Ne7 10. d3 f5 11. Be3 b6 12. Qh4 Ng8 13. Qxd8+ Rxd8 14. e5 Ne7 15. Rd1 Kf7 16. d4 cxd4 17. Rxd4 Rxd4 18. Bxd4 Rd8 19. Rd3 g5 20. g3 gxf4 21. gxf4 Bh6 22. Be3 Rxd3 23. cxd3 Ng6 24. Ne2 Nxe5 25. Bxb6 Nxd3 26. Bxa7 Nxb2 27. Kf2 Ke7 28. Bd4 Na4 29. Be5 c5 30. Ke3 Kd7 31. Kd3 Kc6 32. Kc4 Bf8 33. h3 Nb6+ 34. Kd3 Kb5 35. Bc7 Nd5 36. Nc3+ Kb4 37. Be5 c4+ 38. Kc2 Bc5 39. h4 h5 40. Ne2 Bf2 41. Bd6+ Kb5 42. Be5 Kc5 43. Kd2 Kc6 44. Nd4+ Bxd4 45. Bxd4 Nxf4 46. a4 Nd5 47. Bf2 e5 48. Kc2 f4 49. Be1 e4 50. Kd2 Kc5 51. Ke2 c3 52. Kd1 Kc4 53. Kc2 Nb4+ 54. Kb1 Kb3 0-1

[Event "Aragon-chT Honor Titulo"]
[Site "Aragon"]
[Date "2022.03.26"]
[Round "9.12"]
[White "Torcal Miguel, Oscar"]
[Black "Cobo Garrido, Diego Israel"]
[Result "1-0"]
[WhiteElo "2037"]
[BlackElo "2076"]
[PlyCount "61"]
[EventDate "2022.03.19"]
[EventType "team-tourn"]
[EventRounds "10"]
[EventCountry "ESP"]
[SourceTitle "EXT 2024"]
[Source "ChessBase"]
[SourceDate "2023.10.10"]
[SourceVersion "1"]
[SourceVersionDate "2023.10.10"]
[SourceQuality "1"]
[WhiteTeam "IberCaja"]
[BlackTeam "Aragon ONCE"]
[WhiteTeamCountry "ESP"]
[BlackTeamCountry "ESP"]

1. e4 c5 2. Nf3 e6 3. d3 Nc6 4. g3 Nf6 5. Bg2 d5 6. Qe2 Be7 7. 0-0 0-0 8. e5 Nd7 9. c4 dxc4 10. dxc4 Nd4 11. Nxd4 cxd4 12. Rd1 Qc7 13. Re1 Rd8 14. h4 d3 15. Qe4 Nc5 16. Qg4 d2 17. Bxd2 Nd3 18. Bh6 Bf8 19. Nc3 Nxe1 20. Rxe1 Kh8 21. Bg5 Be7 22. Nb5 Qd7 23. Nd6 Bxd6 24. Bxd8 Bxe5 25. Rd1 Qe8 26. Qe2 Bf6 27. Bxf6 gxf6 28. Qd2 e5 29. Qd8 Qxd8 30. Rxd8+ Kg7 31. Bh3 1-0

[Event "Aragon-chT Honor Gr II"]
[Site "Aragon"]
[Date "2022.02.19"]
[Round "4.4"]
[White "Torcal Miguel, Oscar"]
[Black "Garcia Gonzalez, Omar"]
[Result "1/2-1/2"]
[WhiteElo "2037"]
[BlackElo "2057"]
[PlyCount "103"]
[EventDate "2022.01.29"]
[EventType "team-tourn"]
[EventRounds "7"]
[EventCountry "ESP"]
[SourceTitle "EXT 2024"]
[Source "ChessBase"]
[SourceDate "2023.10.10"]
[SourceVersion "1"]
[SourceVersionDate "2023.10.10"]
[SourceQuality "1"]
[WhiteTeam "IberCaja"]
[BlackTeam "Palacio de Pioneros"]
[WhiteTeamCountry "ESP"]
[BlackTeamCountry "ESP"]

1. c4 g6 2. g3 Bg7 3. Bg2 d6 4. Nc3 Nf6 5. e4 0-0 6. Nge2 Nc6 7. d3 e5 8. h3 Ne7 9. 0-0 Nd7 10. d4 f5 11. Be3 h6 12. dxe5 Nxe5 13. c5 fxe4 14. cxd6 Qxd6 15. Qxd6 cxd6 16. Nxe4 Nc4 17. Bc1 Nxb2 18. Nxd6 Nc4 19. Nxc8 Raxc8 20. Rb1 b6 21. Nf4 Bc3 22. Bb7 Rb8 23. Be4 Nd2 24. Bxd2 Bxd2 25. Nxg6 Nxg6 26. Bxg6 a5 27. Rb3 Bb4 28. f4 Rbd8 29. Rd3 Kg7 30. Rfd1 Rxd3 31. Bxd3 Rd8 32. Kf2 Kf6 33. Ke3 Bc5+ 34. Kf3 Rd4 35. Be2 Rxd1 36. Bxd1 Bb4 37. g4 Be1 38. a4 Bh4 39. Bc2 Be1 40. Ke4 Bg3 41. Bd3 Be1 42. Kd5 Bg3 43. f5 Bf2 44. Kd6 Be3 45. h4 Bf2 46. g5+ hxg5 47. h5 g4 48. h6 Bd4 49. Kd7 Kf7 50. Bc4+ Kf6 51. Bd3 g3 52. h7 1/2-1/2

[Event "Sanxenxo Carlos op 12th"]
[Site "Sanxenxo"]
[Date "2021.06.28"]
[Round "3"]
[White "Torcal Miguel, Oscar"]
[Black "Rey Malde, Henrique"]
[Result "0-1"]
[WhiteElo "2101"]
[BlackElo "2218"]
[PlyCount "180"]
[EventDate "2021.06.26"]
[EventType "swiss"]
[EventRounds "9"]
[EventCountry "ESP"]
[SourceTitle "CBM 203 Extra"]
[Source "ChessBase"]
[SourceDate "2021.09.30"]
[SourceVersion "1"]
[SourceVersionDate "2021.09.30"]
[SourceQuality "1"]

1. e4 c5 2. Nf3 Nc6 3. d4 cxd4 4. Nxd4 Nf6 5. Nc3 e5 6. Ndb5 d6 7. Bg5 a6 8. Na3 b5 9. Nd5 Be7 10. Bxf6 Bxf6 11. c4 b4 12. Nc2 0-0 13. g3 a5 14. Bg2 Bg5 15. 0-0 Be6 16. b3 g6 17. f4 Bh6 18. f5 Bxd5 19. Qxd5 Qb6+ 20. Kh1 a4 21. Qd3 Na5 22. g4 Nb7 23. h4 Nc5 24. Qf3 Bf4 25. g5 Ra7 26. bxa4 Rxa4 27. Rab1 Rb8 28. Rb2 Qa6 29. Qe2 Rxa2 30. Nxb4 Rxb2 31. Nxa6 Rxe2 32. Nxb8 Bg3 33. Rd1 Re1+ 34. Rxe1 Bxe1 35. h5 gxh5 36. Nc6 Kf8 37. Bf3 h4 38. Kg2 Bd2 39. Kf2 Bxg5 40. Ke2 h3 41. Nb4 Ke7 42. Nd3 Nb3 43. Bh1 Bh4 44. Ke3 Kd7 45. Nb4 h5 46. Kd3 Bg3 47. Bf3 h2 48. Nc2 Bf2 49. Ke2 Bg1 50. Bh1 Kc6 51. Kd3 Kc5 52. Kc3 Na5 53. Na3 Bd4+ 54. Kd3 Bb2 55. Nc2 Nxc4 56. Ne3 Nb6 57. Nd5 Nd7 58. Bg2 Bd4 59. Bf3 Bg1 60. Bg2 Kb5 61. Nc7+ Kc6 62. Nd5 Nc5+ 63. Kc4 Kd7 64. Nf6+ Kc6 65. Nxh5 Nd7 66. Bf3 Kc7 67. Ng3 Nf6 68. Kb5 Bf2 69. Nh1 Bh4 70. Kc4 Kc6 71. Kb4 Nh7 72. Kc4 Ng5 73. Bg2 Be1 74. Kd3 Kc5 75. Ke2 Bh4 76. Kd3 Kb4 77. Ke3 Kc3 78. Bf1 Be1 79. Bg2 Bd2+ 80. Ke2 Bf4 81. Nf2 Kd4 82. Bh1 Bg3 83. Ng4 Nxe4 84. Kf3 Bf4 85. Kg2 Ng5 86. Nxh2 Ke4 87. Nf3 Nxf3 88. Kf2 Kxf5 89. Bxf3 e4 90. Bh5 f6 0-1

[Event "Aragon-chT Honor Gr I"]
[Site "Aragon"]
[Date "2021.05.08"]
[Round "7.26"]
[White "Llanes Luno, Pedro Alfredo"]
[Black "Torcal Miguel, Oscar"]
[Result "1-0"]
[WhiteElo "2005"]
[BlackElo "2101"]
[PlyCount "73"]
[EventDate "2021.03.13"]
[EventType "team-tourn"]
[EventRounds "7"]
[EventCountry "ESP"]
[SourceTitle "EXT 2024"]
[Source "ChessBase"]
[SourceDate "2023.10.10"]
[SourceVersion "1"]
[SourceVersionDate "2023.10.10"]
[SourceQuality "1"]
[WhiteTeam "Delicias"]
[BlackTeam "IberCaja"]
[WhiteTeamCountry "ESP"]
[BlackTeamCountry "ESP"]

1. e4 c5 2. Nf3 Nc6 3. d4 cxd4 4. Nxd4 g6 5. c4 Bg7 6. Be3 d6 7. Nc3 Nf6 8. Be2 0-0 9. 0-0 a5 10. Ndb5 Be6 11. Rc1 Nd7 12. Qd2 Nc5 13. f3 b6 14. Rfd1 Ne5 15. Nd5 Bxd5 16. cxd5 f5 17. exf5 gxf5 18. Nd4 Qe8 19. Ne6 Nxe6 20. dxe6 Qg6 21. Rc7 Bf6 22. Bxb6 Kh8 23. f4 Rg8 24. g3 Ng4 25. Bxg4 Qxg4 26. Bd4 Qf3 27. Bxf6+ exf6 28. Qd3 Qxf4 29. Rf1 Qb4 30. Rf2 Qe1+ 31. Kg2 Qxe6 32. Re2 Qxa2 33. b3 Qa1 34. Qxf5 Rg7 35. Rxg7 Kxg7 36. Re7+ Kf8 37. Qxh7 1-0

[Event "Aragon-chT Honor Gr I"]
[Site "Aragon"]
[Date "2021.03.27"]
[Round "3.22"]
[White "Torcal Miguel, Oscar"]
[Black "Gomez Calomarde, Saul"]
[Result "1-0"]
[WhiteElo "2101"]
[BlackElo "2036"]
[PlyCount "62"]
[EventDate "2021.03.13"]
[EventType "team-tourn"]
[EventRounds "7"]
[EventCountry "ESP"]
[SourceTitle "EXT 2024"]
[Source "ChessBase"]
[SourceDate "2023.10.10"]
[SourceVersion "1"]
[SourceVersionDate "2023.10.10"]
[SourceQuality "1"]
[WhiteTeam "IberCaja"]
[BlackTeam "Teruel"]
[WhiteTeamCountry "ESP"]
[BlackTeamCountry "ESP"]

1. e4 c5 2. Nf3 Nc6 3. Bb5 g6 4. 0-0 Bg7 5. c3 e5 6. a4 Qe7 7. d3 h6 8. a5 Nf6 9. a6 0-0 10. Na3 bxa6 11. Bxc6 dxc6 12. Nc4 Nd7 13. Qa4 Nb6 14. Qa5 Bg4 15. Ncd2 Rfd8 16. Qxa6 Qd7 17. h3 Bxf3 18. Nxf3 Qxd3 19. Qxd3 Rxd3 20. Ra5 Rad8 21. Rxc5 Rd1 22. Be3 Rxf1+ 23. Kxf1 Na4 24. Rxc6 Nxb2 25. Bxa7 f5 26. Rxg6 fxe4 27. Nxe5 Kh7 28. Re6 Nd3 29. Bd4 Bxe5 30. Bxe5 Rf8 31. Bd4 Rb8 1-0

[Event "Aragon-chT Honor Gr I"]
[Site "Aragon"]
[Date "2021.03.20"]
[Round "2.2"]
[White "Ramiro Ovejero, Juan Luis"]
[Black "Torcal Miguel, Oscar"]
[Result "1-0"]
[WhiteElo "2345"]
[BlackElo "2101"]
[PlyCount "83"]
[EventDate "2021.03.13"]
[EventType "team-tourn"]
[EventRounds "7"]
[EventCountry "ESP"]
[SourceTitle "EXT 2024"]
[Source "ChessBase"]
[SourceDate "2023.10.10"]
[SourceVersion "1"]
[SourceVersionDate "2023.10.10"]
[SourceQuality "1"]
[WhiteTeam "Jaime Casas"]
[BlackTeam "IberCaja"]
[WhiteTeamCountry "ESP"]
[BlackTeamCountry "ESP"]

1. e4 c5 2. c3 d5 3. exd5 Qxd5 4. d4 Nf6 5. Nf3 Bg4 6. dxc5 Qxd1+ 7. Kxd1 e6 8. b4 Be7 9. Nbd2 0-0 10. h3 Bxf3+ 11. Nxf3 Ne4 12. Kc2 Bf6 13. Bb2 Nxf2 14. Rg1 Ne4 15. Re1 Ng3 16. Bd3 a5 17. a3 Nc6 18. Bc1 axb4 19. axb4 Ra2+ 20. Kb3 Rfa8 21. Bb1 Ra1 22. Bb2 R1a4 23. Re3 h6 24. Rd1 R4a7 25. Rd7 Nb8 26. Rd6 Ra6 27. Rd1 g6 28. Nd4 Nf5 29. Bxf5 gxf5 30. Nb5 Rc6 31. Red3 Na6 32. Rd7 b6 33. R1d6 Rxd6 34. Nxd6 bxc5 35. b5 Nb8 36. Rc7 Be5 37. Rc8+ Kh7 38. Nxf7 Bg3 39. c4 Ra7 40. Ne5 Bxe5 41. Bxe5 Nd7 42. Rc7 1-0

[Event "Aragon-chT Honor Gr I"]
[Site "Aragon"]
[Date "2021.03.13"]
[Round "1.14"]
[White "Torcal Miguel, Oscar"]
[Black "Laplaza Ara, Carlos"]
[Result "1/2-1/2"]
[WhiteElo "2101"]
[BlackElo "1928"]
[PlyCount "113"]
[EventDate "2021.03.13"]
[EventType "team-tourn"]
[EventRounds "7"]
[EventCountry "ESP"]
[SourceTitle "EXT 2024"]
[Source "ChessBase"]
[SourceDate "2023.10.10"]
[SourceVersion "1"]
[SourceVersionDate "2023.10.10"]
[SourceQuality "1"]
[WhiteTeam "IberCaja"]
[BlackTeam "Huesca Club Atletismo"]
[WhiteTeamCountry "ESP"]
[BlackTeamCountry "ESP"]

1. c4 Nf6 2. g3 e6 3. Bg2 d5 4. Nf3 Be7 5. 0-0 0-0 6. b3 b6 7. Bb2 Bb7 8. d3 c5 9. Nbd2 d4 10. b4 Qc7 11. Nb3 Nbd7 12. bxc5 bxc5 13. Qe1 Rab8 14. Rb1 e5 15. e4 dxe3 16. Qxe3 Rfe8 17. Nfd2 Bxg2 18. Kxg2 Bd6 19. Ne4 Bf8 20. Qf3 a5 21. Nc3 h6 22. Rfe1 Re6 23. Nb5 Qd8 24. a4 Ne8 25. Bc3 Ra8 26. Qe3 Nd6 27. Qd2 Nb7 28. Re2 Be7 29. Rbe1 Bf6 30. Re4 Raa6 31. Qb2 Nb6 32. Qc2 Nxa4 33. Bxe5 Bxe5 34. Rxe5 Rxe5 35. Rxe5 Re6 36. Rxe6 fxe6 37. d4 cxd4 38. N3xd4 Nac5 39. Qg6 Qe7 40. Nc6 Qf7 41. Qg4 a4 42. Qd4 Qd7 43. Qxd7 Nxd7 44. f4 Nb6 45. Na3 Nc5 46. Kf3 Kf7 47. Ke3 Kf6 48. Ne5 Nbd7 49. Nxd7+ Nxd7 50. Kd4 g5 51. c5 gxf4 52. gxf4 Nxc5 53. Kxc5 Kf5 54. Kd6 Kxf4 55. Kxe6 Kg4 56. Kf6 Kh3 57. Kg6 1/2-1/2

[Event "ESP-ch U18"]
[Site "Salobrena"]
[Date "2020.08.21"]
[Round "7"]
[White "Pedchenko Bondar, Alexandr"]
[Black "Torcal Miguel, Oscar"]
[Result "1/2-1/2"]
[WhiteElo "2037"]
[BlackElo "2117"]
[PlyCount "78"]
[EventDate "2020.08.17"]
[EventType "swiss"]
[EventRounds "9"]
[EventCountry "ESP"]
[SourceTitle "CBM 197 Extra"]
[Source "ChessBase"]
[SourceDate "2020.09.30"]
[SourceVersion "1"]
[SourceVersionDate "2020.09.30"]
[SourceQuality "1"]

1. d4 Nf6 2. Nf3 g6 3. g3 Bg7 4. Bg2 0-0 5. 0-0 d6 6. c4 Nfd7 7. e4 e5 8. Nc3 Nc6 9. Be3 exd4 10. Nxd4 Nde5 11. c5 Nc4 12. Nxc6 bxc6 13. Qc1 Qe7 14. cxd6 cxd6 15. Bg5 Qc7 16. b3 Qa5 17. bxc4 Bxc3 18. Rb1 Be6 19. Rd1 Rab8 20. Rb3 Be5 21. Bh6 Rfd8 22. Qc2 Qc5 23. Rxb8 Rxb8 24. Rb1 Rb6 25. Rxb6 Qxb6 26. Bf1 Bd4 27. Kg2 a5 28. Bf4 c5 29. Bd2 Bd7 30. Bc3 Bxc3 31. Qxc3 Qb1 32. Qd3 Qxa2 33. Qxd6 Be6 34. Qb8+ Kg7 35. Qe5+ Kf8 36. Qb8+ Ke7 37. Qc7+ Kf8 38. Qb8+ Ke7 39. Qc7+ Kf8 1/2-1/2

[Event "ESP-ch U18"]
[Site "Salobrena"]
[Date "2020.08.19"]
[Round "5"]
[White "Gonzalez Lema, Carlos"]
[Black "Torcal Miguel, Oscar"]
[Result "1-0"]
[WhiteElo "2062"]
[BlackElo "2117"]
[PlyCount "53"]
[EventDate "2020.08.17"]
[EventType "swiss"]
[EventRounds "9"]
[EventCountry "ESP"]
[SourceTitle "CBM 197 Extra"]
[Source "ChessBase"]
[SourceDate "2020.09.30"]
[SourceVersion "1"]
[SourceVersionDate "2020.09.30"]
[SourceQuality "1"]

1. d4 Nf6 2. c4 e6 3. Nc3 Bb4 4. f3 Bxc3+ 5. bxc3 d6 6. e4 0-0 7. Bd3 e5 8. Be3 Nc6 9. d5 Ne7 10. Ne2 b6 11. Qd2 Re8 12. g4 Nd7 13. Ng3 Ng6 14. Nf5 Nh4 15. Qf2 Nxf5 16. gxf5 Kh8 17. Kd2 Ba6 18. Rhg1 Rg8 19. Rg3 g6 20. Rag1 Qe7 21. Qg2 Nf8 22. Qh3 Bc8 23. Qh6 Qf6 24. Bg5 Qg7 25. Qh4 Nd7 26. f6 Qf8 27. Qxh7+ 1-0

[Event "ESP-ch U18"]
[Site "Salobrena"]
[Date "2020.08.17"]
[Round "2"]
[White "Torcal Miguel, Oscar"]
[Black "Romera Carrion, Ruben"]
[Result "1-0"]
[WhiteElo "2117"]
[BlackElo "1663"]
[PlyCount "122"]
[EventDate "2020.08.17"]
[EventType "swiss"]
[EventRounds "9"]
[EventCountry "ESP"]
[SourceTitle "CBM 197 Extra"]
[Source "ChessBase"]
[SourceDate "2020.09.30"]
[SourceVersion "1"]
[SourceVersionDate "2020.09.30"]
[SourceQuality "1"]

1. e4 e6 2. d4 d5 3. Nd2 dxe4 4. Nxe4 Nd7 5. Nf3 Ngf6 6. Nxf6+ Nxf6 7. Bd3 Be7 8. 0-0 0-0 9. c3 b6 10. a4 a5 11. Qe2 Bb7 12. Re1 c5 13. Be3 cxd4 14. Bxd4 Qd5 15. Rad1 Qh5 16. Ne5 Qg5 17. g3 Bc5 18. h4 Qh6 19. Ng4 Nxg4 20. Qxg4 Bxd4 21. Qxd4 Rab8 22. Be4 Bxe4 23. Rxe4 g6 24. Re5 Qg7 25. Rb5 Qxd4 26. Rxd4 Rfc8 27. c4 Kf8 28. Kg2 Ke7 29. Kf3 Rc5 30. Rb3 e5 31. Rd5 Rxd5 32. cxd5 Kd6 33. Rb5 f5 34. b4 axb4 35. a5 b3 36. Rxb3 Kxd5 37. Rb5+ Kc6 38. Rxe5 bxa5 39. Rxa5 Rb7 40. h5 Kd7 41. Ra6 g5 42. Rf6 Rb3+ 43. Kg2 Ke7 44. Rxf5 h6 45. Kh3 Rb4 46. Ra5 Rb6 47. Kg4 Ke6 48. f4 gxf4 49. gxf4 Kf6 50. Ra7 Rb1 51. Ra6+ Kg7 52. Kf5 Rh1 53. Ke6 Re1+ 54. Kf5 Re7 55. Rg6+ Kh7 56. Re6 Ra7 57. Kf6 Ra5 58. f5 Rb5 59. Re7+ Kh8 60. Kg6 Rb8 61. f6 Rg8+ 1-0

[Event "Aragon-chT Honor Titulo"]
[Site "Aragon"]
[Date "2019.03.30"]
[Round "10.8"]
[White "Veras Sanz, Marino"]
[Black "Torcal Miguel, Oscar"]
[Result "0-1"]
[WhiteElo "2084"]
[BlackElo "2084"]
[PlyCount "64"]
[EventDate "2019.03.16"]
[EventType "team-tourn"]
[EventRounds "10"]
[EventCountry "ESP"]
[SourceTitle "EXT 2020"]
[Source "ChessBase"]
[SourceDate "2019.10.17"]
[SourceVersion "1"]
[SourceVersionDate "2019.10.17"]
[SourceQuality "1"]
[WhiteTeam "El Olivar"]
[BlackTeam "IberCaja"]
[WhiteTeamCountry "ESP"]
[BlackTeamCountry "ESP"]

1. Nf3 Nf6 2. g3 g6 3. Bg2 Bg7 4. 0-0 0-0 5. d4 d6 6. c4 Nfd7 7. Nc3 e5 8. b3 exd4 9. Bg5 f6 10. Nxd4 fxg5 11. Ne6 Qe7 12. Rc1 Nf6 13. Nxf8 Bxf8 14. Nd5 Nxd5 15. Qxd5+ Kh8 16. Rc3 c6 17. Qa5 Bf5 18. Re3 Qd7 19. g4 Bxg4 20. Qxg5 Na6 21. Rg3 Be6 22. h4 Qf7 23. Rf3 Qg7 24. Re3 Be7 25. Qa5 Bd7 26. Rd1 Rf8 27. Bf3 Rf4 28. b4 Rxc4 29. b5 cxb5 30. Rxd6 Bxd6 31. Qd8+ Bf8 32. Bd5 Rc8 0-1

[Event "Aragon-chT Preferente Gr-I"]
[Site "Aragon"]
[Date "2019.02.23"]
[Round "5.4"]
[White "Torcal Miguel, Oscar"]
[Black "Sanchez Herrera, Miguel"]
[Result "1-0"]
[WhiteElo "2084"]
[BlackElo "2088"]
[PlyCount "87"]
[EventDate "2019.01.26"]
[EventType "team-tourn"]
[EventRounds "9"]
[EventCountry "ESP"]
[SourceTitle "EXT 2020"]
[Source "ChessBase"]
[SourceDate "2019.10.17"]
[SourceVersion "1"]
[SourceVersionDate "2019.10.17"]
[SourceQuality "1"]
[WhiteTeam "IberCaja II"]
[BlackTeam "Agrupacion II"]
[WhiteTeamCountry "ESP"]
[BlackTeamCountry "ESP"]

1. e4 c5 2. Nf3 Nc6 3. Bb5 d6 4. Bxc6+ bxc6 5. 0-0 e5 6. c3 Nf6 7. Re1 Bg4 8. h3 Bh5 9. d3 Be7 10. Nbd2 0-0 11. Nf1 Bxf3 12. Qxf3 Ne8 13. Qg4 Qc8 14. Qxc8 Rxc8 15. Ne3 g6 16. Nc4 f5 17. exf5 gxf5 18. f4 e4 19. dxe4 Bh4 20. Rd1 fxe4 21. Be3 Be7 22. Rd2 Kf7 23. g4 h5 24. Rad1 Rg8 25. Rg2 hxg4 26. hxg4 Rd8 27. Kf2 Nf6 28. g5 Nd5 29. Bc1 Kg6 30. Na5 Rc8 31. Nxc6 Rxc6 32. Rxd5 Ra6 33. a3 Rf8 34. Ke3 Ra4 35. b3 Ra6 36. Kxe4 Rb6 37. f5+ Kf7 38. f6 Bd8 39. Kf5 Ke8 40. Re2+ Kd7 41. Bf4 Rxb3 42. Bxd6 Kc6 43. Bxf8 Kxd5 44. Rd2+ 1-0

[Event "Aragon-chT Honor Gr II"]
[Site "Aragon"]
[Date "2018.02.17"]
[Round "4.19"]
[White "Gomez Calomarde, Saul"]
[Black "Torcal Miguel, Oscar"]
[Result "0-1"]
[WhiteElo "2026"]
[BlackElo "2210"]
[PlyCount "62"]
[EventDate "2018.01.27"]
[EventType "team-tourn"]
[EventRounds "7"]
[EventCountry "ESP"]
[SourceTitle "EXT 2019"]
[Source "ChessBase"]
[SourceDate "2018.10.10"]
[SourceVersion "1"]
[SourceVersionDate "2018.10.10"]
[SourceQuality "1"]
[WhiteTeam "Teruel"]
[BlackTeam "IberCaja"]
[WhiteTeamCountry "ESP"]
[BlackTeamCountry "ESP"]

1. d4 Nf6 2. Nf3 g6 3. Bf4 Bg7 4. e3 d6 5. h3 0-0 6. Be2 Nfd7 7. 0-0 c5 8. c3 Nc6 9. Bh2 cxd4 10. cxd4 a6 11. a4 Nf6 12. Nc3 Bf5 13. Qb3 Na5 14. Qa3 Rc8 15. Nd2 Be6 16. Rfc1 Qd7 17. e4 d5 18. b4 Nc6 19. e5 Ne4 20. Nb3 Bh6 21. f4 g5 22. b5 Nb8 23. Nc5 Nxc5 24. dxc5 gxf4 25. Rd1 Qc7 26. Nxd5 Qxc5+ 27. Qxc5 Rxc5 28. Nxe7+ Kg7 29. bxa6 bxa6 30. Bg4 Rxe5 31. Rd4 Bxg4 0-1

[Event "Estadilla op 31st rapid"]
[Site "Estadilla"]
[Date "2017.05.21"]
[Round "7"]
[White "Glavina, Pablo"]
[Black "Torcal Miguel, Oscar"]
[Result "1-0"]
[WhiteElo "2370"]
[BlackElo "1998"]
[PlyCount "125"]
[EventDate "2017.05.21"]
[EventType "swiss (rapid)"]
[EventRounds "9"]
[EventCountry "ESP"]
[SourceTitle "EXT 2019"]
[Source "ChessBase"]
[SourceDate "2018.10.10"]
[SourceVersion "1"]
[SourceVersionDate "2018.10.10"]
[SourceQuality "1"]

1. c4 e5 2. Nc3 Nf6 3. Nf3 Nc6 4. e3 d5 5. cxd5 Nxd5 6. Bb5 Nxc3 7. dxc3 Qxd1+ 8. Kxd1 Bg4 9. Bxc6+ bxc6 10. e4 Bc5 11. Ke2 f6 12. Be3 Bb6 13. Rhd1 Ke7 14. c4 Be6 15. b3 Bxe3 16. Kxe3 Rhd8 17. Ne1 a5 18. Nc2 a4 19. Nb4 Rxd1 20. Rxd1 Bd7 21. Kd2 c5 22. Nd3 axb3 23. axb3 Ra2+ 24. Ke3 Ra5 25. Rd2 g6 26. f4 exf4+ 27. Nxf4 Ra3 28. Nd5+ Kf7 29. Rd3 c6 30. Nc3 Ke7 31. Na4 Ra1 32. Nxc5 Bc8 33. Kd4 f5 34. exf5 Bxf5 35. Re3+ Kd6 36. Ne4+ Bxe4 37. Kxe4 Rg1 38. Rg3 Ke6 39. Kd4 Kd6 40. c5+ Kd7 41. Kc4 Rc1+ 42. Kb4 Rc2 43. h4 Ke6 44. Re3+ Kd5 45. g3 Kd4 46. Re6 Rxc5 47. Re4+ Kxe4 48. Kxc5 Kd3 49. Kxc6 Kc3 50. Kd6 Kxb3 51. Ke6 Kc4 52. Kf6 Kd5 53. Kg7 Ke6 54. Kxh7 Kf6 55. g4 g5 56. h5 Kf7 57. h6 Kf8 58. Kg6 Kg8 59. Kxg5 Kh7 60. Kf6 Kh8 61. Kf7 Kh7 62. g5 Kh8 63. h7 1-0

[Event "Aragon-chT Honor Titulo"]
[Site "Aragon"]
[Date "2017.03.18"]
[Round "8.4"]
[White "Torcal Miguel, Oscar"]
[Black "Escartin Lacasa, Jose"]
[Result "1/2-1/2"]
[WhiteElo "1980"]
[BlackElo "1974"]
[PlyCount "83"]
[EventDate "2017.02.25"]
[EventType "team-tourn"]
[EventRounds "10"]
[EventCountry "ESP"]
[SourceTitle "EXT 2018"]
[Source "ChessBase"]
[SourceDate "2017.10.13"]
[SourceVersion "1"]
[SourceVersionDate "2017.10.13"]
[SourceQuality "1"]
[WhiteTeam "IberCaja"]
[BlackTeam "Jaque"]
[WhiteTeamCountry "ESP"]
[BlackTeamCountry "ESP"]

1. e4 d6 2. d4 Nf6 3. Nc3 e5 4. Nf3 Nbd7 5. Bc4 Be7 6. 0-0 0-0 7. Re1 c6 8. a4 b6 9. d5 cxd5 10. Nxd5 Bb7 11. c3 Rc8 12. Ba2 Nc5 13. Nxf6+ Bxf6 14. Bd5 Qd7 15. a5 b5 16. h3 a6 17. Nh2 Bxd5 18. Qxd5 Qc6 19. Qxc6 Rxc6 20. f3 Nb3 21. Ra3 Nxc1 22. Rxc1 Bg5 23. Rd1 Be3+ 24. Kf1 Bc5 25. b4 Ba7 26. Ke2 Rfc8 27. Rd3 Kf8 28. Nf1 Ke7 29. Nd2 Ke6 30. Nb1 f5 31. exf5+ Kxf5 32. Ra2 Ke6 33. Rad2 Rd8 34. Rd5 Bd4 35. R5xd4 exd4 36. Rxd4 Rc4 37. Rxc4 bxc4 38. Na3 Kd5 39. Kf2 h5 40. h4 Rc8 41. Ke3 Ke5 42. Nc2 1/2-1/2